Datum a čas kvízu
18.5
Celkem bodů
Celkový počet nahraných bodů na tomto kvízu bez doplňovacích otázek.
5.
Pořadí na kvízu
Konečné umístění týmu na tomto kvízu.
Zaznamenané odpovědi
| # | Otázka | Odpověď | Body | Výsledky |
|---|---|---|---|---|
| 1. | Vandalský čin, který se udál b... | mandala | 0 | |
| 2. | Novozélandští vědci zkoumali v... | úhoř | 1 | |
| 3. | Tato 26letá americká zpěvačka... | Ariana Grande | 0 | |
| 4. | Vyhledávač letenek Kiwi již ne... | Kuba | 1 | |
| 5. | Jak se nazývá země, jejíž favo... | Turecko | 0 | |
| 6. | V tomto tématu se podíváme na... | Mojžíš | 1 | |
| 7. | Zajímavým židovským svátkem je... | Ester | 0 | |
| 8. | Jak se nazývá osmidenní židovs... | Chanuka | 1 | |
| 9. | V této otázce nás nebude zajím... | Šestidenní válka | 0 | |
| 10. | Na závěr se vrátíme opět ke sv... | B | 1 |